Harry styles songs by emojis - Statistics

General Stats
  • This quiz has been taken 215 times
  • The average score is 8 of 12
Answer Stats
Picture Answer % Correct
Watermelon sugar
100%
Kiwi
98%
Cherry
93%
Lights up
89%
Two ghosts
89%
Music for a sushi restaurant
86%
Adore you
68%
Late night talking
65%
Sign of the times
53%
Golden
43%
Boyfriends
39%
Daylight
24%
No matching quizzes found
Score Distribution
Percent of People with Each Score
Percentile by Number Answered
Your Score History
You have not taken this quiz